000 00279nam a2200097Ia 4500
008 220204s9999 xx 000 0 und d
082 _a339.19(676.1)
_bECO;1
245 0 _aEconomic and commercial reports: Uganda
260 _aNew Delhi
_bMinistry of Foreign Trade
_c1967
942 _cBK
999 _c22289
_d22289